| 000 | 00501nam a2200193Ia 4500 | ||
|---|---|---|---|
| 999 |
_c21988 _d21988 |
||
| 003 | GCL | ||
| 005 | 20240530100854.0 | ||
| 008 | 140319s9999 xx 000 0 eng d | ||
| 040 |
_aGCL / _cGCL |
||
| 082 | 0 | 4 |
_a708 _bE F |
| 100 | 1 | _aEDITIONS ATLAS | |
| 245 | 1 | 0 |
_aFLORENCE, FRE ANGELICO AU MUSEE DE SAINT- MARC / _cEDITIONS ATLAS |
| 260 |
_a[S.N] : _bEDITIONS DU REGARD |
||
| 300 | _a76 P | ||
| 490 |
_aLES PASSERARTS DE L'ART _v0 |
||
| 650 | 0 | 4 | _aMUSEUMS |
| 650 | 0 | 4 | _aPAINTING |
| 942 |
_2ddc _cBK |
||